Soccer on Sunday / by Mary Pope Osborne ; ... Read More
Available copies
- 11 of 12 copies available at LARL/NWRL Consortium. (Show)
- 8 of 8 copies available at Northwest Regional Library.
Current holds
0 current holds with 12 total copies.
Show Only Available Copies
| Location | Call Number / Copy Notes | Barcode | Shelving Location | Status | Due Date |
|---|---|---|---|---|---|
| Godel Memorial-Warren Library | j OSB (Text) | 35500005410749 | Main | Available | - |
| Greenbush Public Library | j OSB (Text) | 35500005410897 | Main | Available | - |
| Grygla LINK Site | j OSB (Text) | 35500005410889 | Main | Available | - |
| Hallock Public Library | j OSB (Text) | 35500005410863 | Main | Available | - |
| Karlstad LINK Site | j OSB (Text) | 35500005422124 | Main | Available | - |
| Roseau Public Library | j OSB (Text) | 35500005410731 | Main | Available | - |
| Thief River Falls Public Library | j OSB (Text) | 35500005410855 | Main | Available | - |
| Warroad Public Library | j OSB (Text) | 35500005410871 | Main | Available | - |
Record details
- ISBN: 9780307980564
- ISBN: 0307980561
- ISBN: 9780307980533 (hardback)
- ISBN: 0307980537 (hardback)
- ISBN: 9780307980540 (lib. bdg.)
- ISBN: 0307980545 (lib. bdg.)
- ISBN: 9781338226911
- Physical Description: 115 pages : illustrations ; 22 cm.
- Edition: First edition.
- Publisher: New York : A Stepping Stone Book, Random House, 2014
Content descriptions
| General Note: | Formerly Magic tree house #52. "A Merlin Mission"--Title page. |
| Summary, etc.: | "Jack and Annie search for the fourth secret of ... Read More |
Search for related items by subject
Search for related items by series
| LDR | 03890cam a2200769 i 4500 | ||
|---|---|---|---|
| 001 | 166650 | ||
| 003 | LARL_NWRL_CONSORTIUM | ||
| 005 | 20220801133851.0 | ||
| 008 | 131109s2014 nyua b 000 1 eng | ||
| 019 | . | ‡a857879352 ‡a880139599 | |
| 020 | . | ‡a9780307980564 ‡qpbk. | |
| 020 | . | ‡a0307980561 ‡qpbk. | |
| 020 | . | ‡a9780307980533 (hardback) | |
| 020 | . | ‡a0307980537 (hardback) | |
| 020 | . | ‡a9780307980540 (lib. bdg.) | |
| 020 | . | ‡a0307980545 (lib. bdg.) | |
| 020 | . | ‡z9780307980557 (ebook) | |
| 020 | . | ‡a9781338226911 | |
| 035 | . | ‡a(OCoLC)857879351 ‡z(OCoLC)857879352 ‡z(OCoLC)880139599 | |
| 042 | . | ‡alcac ‡apcc | |
| 043 | . | ‡an-mx--- | |
| 082 | 0 | 0. | ‡a[Fic] ‡223 |
| 100 | 1 | . | ‡aOsborne, Mary Pope, ‡eauthor. ‡0(LARL_NWRL_CONSORTIUM)153313 |
| 245 | 1 | 0. | ‡aSoccer on Sunday / ‡cby Mary Pope Osborne ; illustrated by Sal Murdocca. |
| 250 | . | ‡aFirst edition. | |
| 260 | . | ‡aNew York : ‡bA Stepping Stone Book, Random House, ‡c2014 | |
| 300 | . | ‡a115 pages : ‡billustrations ; ‡c22 cm. | |
| 336 | . | ‡atext ‡2rdacontent | |
| 337 | . | ‡aunmediated ‡2rdamedia | |
| 338 | . | ‡avolume ‡2rdacarrier | |
| 490 | 0 | . | ‡aMagic tree house, Merlin missions ; ‡v24 |
| 500 | . | ‡aFormerly Magic tree house #52. | |
| 500 | . | ‡a"A Merlin Mission"--Title page. | |
| 520 | . | ‡a"Jack and Annie search for the fourth secret of greatness for Merlin the Magician in Mexico City at the 1970 World Cup Games. They hope to learn something new from soccer player great, Pele"-- ‡cProvided by publisher. | |
| 650 | 0. | ‡aMagic ‡vJuvenile fiction. ‡0(LARL_NWRL_CONSORTIUM)165990 | |
| 650 | 0. | ‡aTime travel ‡vJuvenile fiction. ‡0(LARL_NWRL_CONSORTIUM)167733 | |
| 650 | 0. | ‡aBrothers and sisters ‡vJuvenile fiction. ‡0(LARL_NWRL_CONSORTIUM)163775 | |
| 600 | 0 | 0. | ‡aPelé, ‡d1940- ‡vJuvenile fiction. |
| 651 | 0. | ‡aMexico ‡xHistory ‡y1946-1970 ‡vJuvenile fiction. | |
| 650 | 1. | ‡aMagic ‡vFiction. ‡0(LARL_NWRL_CONSORTIUM)165984 | |
| 650 | 1. | ‡aTime travel ‡vFiction. ‡0(LARL_NWRL_CONSORTIUM)167651 | |
| 650 | 1. | ‡aBrothers and sisters ‡vFiction. ‡0(LARL_NWRL_CONSORTIUM)163634 | |
| 650 | 1. | ‡aSoccer ‡vFiction. ‡0(LARL_NWRL_CONSORTIUM)176169 | |
| 600 | 0 | 1. | ‡aPelé, ‡d1940- ‡vFiction. |
| 651 | 1. | ‡aMexico ‡xHistory ‡y1946-1970 ‡vFiction. | |
| 650 | 1. | ‡aFantasy. ‡0(LARL_NWRL_CONSORTIUM)19981 | |
| 700 | 1 | . | ‡aMurdocca, Sal, ‡eillustrator. ‡0(LARL_NWRL_CONSORTIUM)56631 |
| 901 | . | ‡a166650 ‡bOCLC ‡c166650 ‡tbiblio | |

Add to basket
Permalink
Enable Highlighting